000 00700nam a2200217 i 4500
001 115379
003 ES-MaACL
005 20250825062551.0
007 t|
008 070307s1930 sp ||||1| spa d
080 _a821.134.2(85)-22"19"
100 1 _aSassone, Felipe.
_9103913
245 1 3 _aLa entretenida
_b: comedia en tres actos /
_cFelipe Sassone.
260 _aMadrid :
_bPrensa Moderna,
_c1930.
300 _a81 p. ;
_c17 cm.
490 1 _aEL Teatro moderno ;
_v238
500 _aEstrenada en el teatro Cómico, de Madrid, la noche del día 1º. de febrero 1924.
830 0 3 _aEl teatro moderno (Prensa Moderna)
_v238
_9182365
852 _aES-MaACL
_jC-13096
999 _c115379
_d115379